The pictorial field book of the revolution; or, illustrations, by pen and pencil, of the history, biography, scenery, telics, and traditions of the War of Independence. By Benson J. Lossing, with several hundred engraving on wood, by Lossing and Barrit, chiefly from original sketches by the author

Zapisane w:
Opis bibliograficzny
1. autor: Lossing, Benson J. (autor)
Format: Książka
Język:angielski
Wydane: Nueva York Harper & Brothers, Publishers 1851
Wydanie:1a. ed
Hasła przedmiotowe:
Etykiety: Dodaj etykietę
Nie ma etykietki, Dołącz pierwszą etykiete!

MARC

LEADER 00000nam a2200000 a 4500
001 UCJ6790
003 CL-VaPUC
008 070124e18510000US |||||||||||||||||eng|d
082 0 4 |a 973  |b LOS  |2 21 
100 |a Lossing, Benson J.  |e autor  |9 514126 
245 1 4 |a The pictorial field book of the revolution; or, illustrations, by pen and pencil, of the history, biography, scenery, telics, and traditions of the War of Independence. By Benson J. Lossing, with several hundred engraving on wood, by Lossing and Barrit, chiefly from original sketches by the author 
250 |a 1a. ed 
300 |a 2 v 
942 |c BK 
945 |d 20070124 00:00:00  |a rinostro 
260 |a Nueva York  |b Harper & Brothers, Publishers  |c 1851 
500 |a 8§, tela, plancha dorada.- Anteport.- v. en b.- Port.- v.: nota de los editores.- Front. v. 1, uniformes militares de la época, iluminado.- Front. v. II, firmantes de la Declaración de la Independencia, mosaico.- Capitales orladas.- Iconografía e ilustraciones, sobre 1450 en total, corresponden a lo señalado en los índices.- Libro interesante por sus numerosas ilustraciones 
600 0 7 |a COLON, CRISTOBAL  |2 CL-VaPUC  |9 265189 
600 0 7 |a CABOTO, SEBASTIAN  |2 CL-VaPUC  |9 446023 
600 0 7 |a VESPUCIO, AMERICO  |2 CL-VaPUC  |9 265195 
600 0 7 |a SOTO, FERNANDO DE  |2 CL-VaPUC  |9 514127 
600 0 7 |a VERRAZZANI, JUAN  |2 CL-VaPUC  |9 514128 
600 0 7 |a ISABEL I, DE CASTILLA  |2 CL-VaPUC  |9 514129 
600 0 7 |a SCHUYLER, PHILIP  |2 CL-VaPUC  |9 514130 
600 0 7 |a KOSCIUSKO, TADEO  |2 CL-VaPUC  |9 514030 
600 0 7 |a GATES, HORACIO  |2 CL-VaPUC  |9 514131 
600 0 7 |a DEANE, FRANKLIN SILAS  |2 CL-VaPUC  |9 514132 
600 0 7 |a SAINT CLAIR, ARTHUR  |2 CL-VaPUC  |9 514133 
600 0 7 |a PUTNAM, ISRAEL  |2 CL-VaPUC  |9 514134 
600 0 7 |a ALLEN, ETHAN  |2 CL-VaPUC  |9 514135 
600 0 7 |a GERMAIN, GEORGE  |2 CL-VaPUC  |9 514136 
600 0 7 |a YEST, FRANÇOIS  |2 CL-VaPUC  |9 514137 
600 0 7 |a CARLETON, GUY  |2 CL-VaPUC  |9 514138 
600 0 7 |a WOLFE, JAMES  |2 CL-VaPUC  |9 514139 
600 0 7 |a MONTGOMERY, RICHARD  |2 CL-VaPUC  |9 514140 
650 0 |a Descubrimientos geográficos  |9 331933 
650 7 |a INDIOS  |2 CL-VaPUC  |9 258588 
650 0 |a Viajes  |9 257115 
650 0 |a Arquitectura naval  |9 261969 
650 0 |a Arquitectura  |9 804558 
650 0 |a Fuertes  |9 446056 
650 7 |a MANSIONES  |2 CL-VaPUC  |9 514142 
650 7 |a TUMULOS FUNERARIOS  |2 CL-VaPUC  |9 514143 
650 7 |a CARABELAS  |2 CL-VaPUC  |9 510654 
650 7 |a NAVEGANTES  |2 CL-VaPUC  |9 450740 
650 0 |a Guerra de la independencia   |9 331979 
650 0 |a Ilustraciones  |9 369481 
650 0 |a Autógrafos   |9 446110 
650 7 |a DOCUMENTOS  |2 CL-VaPUC  |9 366450 
650 0 |a Mapas  |9 260844 
650 0 |a Numismática  |9 318332 
650 7 |a MEDALLAS  |2 CL-VaPUC  |9 508052 
650 0 |a Vehículos   |9 348061 
650 7 |a CALESA  |2 CL-VaPUC  |9 514144 
651 7 |a ESTADOS UNIDOS DE NORTEAMERICA  |2 CL-VaPUC  |9 316036 
651 7 |a PALOS DE MOGUER  |2 CL-VaPUC  |9 514145 
651 7 |a MONTREAL  |2 CL-VaPUC  |9 344108 
651 7 |a QUEBEC  |2 CL-VaPUC  |9 386644 
583 |a last modification  |c 20121221 10:51:47  |k Rodrigo Vera 
999 |c 322892  |d 322890 
952 |0 0  |1 0  |4 0  |6 973_000000000000000_LOS_1851  |7 0  |8 X  |9 402042  |a FDOBUD  |b FDOBUD  |d 2019-11-22  |h v.1  |i 1053043  |o 973 LOS 1851  |p 1053043  |r 2019-11-22  |w 2019-11-22  |y BK_X  |k BUD 
952 |0 0  |1 0  |4 0  |6 973_000000000000000_LOS_1851  |7 0  |8 X  |9 402043  |a FDOBUD  |b FDOBUD  |d 2019-11-22  |h v.2  |i 1053051  |o 973 LOS 1851  |p 1053051  |r 2019-11-22  |w 2019-11-22  |y BK_X  |k BUD